| Tag |
First Indicator |
Second Indicator |
Subfields |
| LEADER |
00000nam a2200000Ia 4500 |
| 001 |
in00004298708 |
| 005 |
20200810082633.0 |
| 006 |
m g d |
| 007 |
cr bn |||a|bb| |
| 008 |
860503s1647 enk o 00| | eng d |
| 035 |
|
|
|a (OCoLC)13523064
|
| 040 |
|
|
|a EAG
|c EAG
|d WaOLN
|
| 037 |
|
|
|a CL0037000055
|b ProQuest Information and Learning. 300 N. Zeeb Rd., Ann Arbor, MI 48106
|
| 043 |
|
|
|a e-uk---
|
| 045 |
2 |
|
|b d1642
|b d1649
|
| 090 |
|
|
|a DA410.W37
|b R44 1647
|
| 049 |
|
|
|a EAGA
|
| 100 |
1 |
|
|a Ward, Nathaniel,
|d 1578-1652.
|
| 245 |
1 |
2 |
|a A religious retreat sounded to a religious army /
|c by one that desires to be faithful to his country, though nnworthy [sic] to be named.
|
| 260 |
|
|
|a London :
|b Printed for Stephen Bowtell ...,
|c 1647.
|
| 300 |
|
|
|a 1 online resource (13 [id est 11] pages)
|
| 336 |
|
|
|a text
|b txt
|2 rdacontent
|
| 337 |
|
|
|a computer
|b c
|2 rdamedia
|
| 338 |
|
|
|a online resource
|b cr
|2 rdacarrier
|
| 500 |
|
|
|a Contains errors in pagination.
|
| 500 |
|
|
|a Reproduction of original in the Harvard University Library.
|
| 510 |
4 |
|
|a Wing
|c W782
|
| 533 |
|
|
|a Electronic reproduction.
|b Ann Arbor, Mich. :
|c UMI,
|d 1999-
|f (Early English books online)
|n Digital version of: (Early English books, 1641-1700 ; 1559:8)
|7 s1999 miun s
|
| 651 |
|
0 |
|a Great Britain
|x History
|y Civil War, 1642-1649.
|
| 830 |
|
0 |
|a Early English books online.
|
| 856 |
4 |
0 |
|u http://proxy.library.tamu.edu/login?url=https://search.proquest.com/docview/2240859776
|z Connect to the full text of this electronic book
|t 0
|
| 999 |
f |
f |
|s a97327fc-53ea-39f9-9324-fcf7ee3b7336
|i b5afa27b-bd83-39fe-977c-43d60c4cacc2
|t 0
|
| 952 |
f |
f |
|a Texas A&M University
|b College Station
|c Electronic Resources
|d Available Online
|t 0
|e DA410.W37 R44 1647
|h Library of Congress classification
|
| 998 |
f |
f |
|a DA410.W37 R44 1647
|t 0
|l Available Online
|